000 00467nam a2200133Ia 4500
008 100328s9999 xx 000 0 und d
082 _b66020
100 _aमाडगूळकर ग.दि.
245 _aवाटेवरल्या सावल्या.
260 _bविश्वमोहिनी.
630 _aवाटेवरल्या सावल्या.
730 _aवाटेवरल्या सावल्या.
942 _cBOOK
999 _c551765
_d551762